000 00361nam a2200133Ia 4500
005 20260328104328.0
008 260328s9999||||xx |||||||||||||| ||und||
100 _aHallgrimsson, Bjarki
245 0 _aPrototyping and modelmaking for product Design /
_cBjarki Hallgrimsson
260 _bLaurence King
300 _a208 p.
650 _aDISEÑADORES
942 _cBK
999 _c11592
_d11592